Представление документа в формате MARC21

Поле Инд. ПП Название Значение
Тип записи a
Библиографический уровень b
001 Контрольный номер 393886a79eb2468fb86a6d0420815070
005 Дата корректировки 20200630193157.7
008 Кодируемые данные 20170331
040 b Код языка каталог. rus
e Правила каталог. PSBO
041 0_ a Код языка текста rus
084 a Индекс другой классификации/Индекс ББК 67.400.8(2Рос); 67.400.7(2Рос)
100 1_ a Автор Алимов Э. В.
q Полное имя Алимов Эмиль Ваизович
245 10 a Заглавие Проблемы реализации наказов избирателей в субъектах Российской Федерации
500 a Примечание DOI: 10.12737/jrl.2019.10.4
520 0_ a Аннотация В последнее время наблюдается повышение научного интереса к тематике наказов избирателей в Российской Федерации, однако на данный момент отсутствуют работы, посвященные общему анализу проблем реализации наказов избирателей в субъектах Российской Федерации. По мнению автора, институт наказа избирателей имеет большой потенциал в качестве инструмента прямой демократии и эффективного механизма аккумулирования нужд и интересов избирателей. Цель статьи - выявить актуальные проблемы функционирования института наказа избирателей в субъектах Российской Федерации. Для этого решаются задачи по выявлению политико-правовых, организационно-технических, финансовых и социально-культурных проблем в области реализации наказов избирателей в субъектах Российской Федерации. Методы исследования: диалектический, системный, сравнительно-правовой, нормативный и др. Выводы: правовое регулирование наказов избирателей осуществляется на основе опережающего правового регулирования; на уровне субъектов Федерации отсутствует единообразный подход к правовому регулированию наказов избирателей; не обеспечивается участие избирателей в полноценном сопровождении наказов с момента их инициирования до момента информирования об исполнении
650 14 a Основная рубрика право; конституционное право (государственное право); избирательное право
653 0_ a Ключевые слова депутатская деятельность
a Ключевые слова депутаты
a Ключевые слова избиратели
a Ключевые слова императивный мандат
a Ключевые слова конституционно-правовое регулирование
a Ключевые слова конституционно-правовые основы
a Ключевые слова мандат
a Ключевые слова местное самоуправление
a Ключевые слова муниципальное право
a Ключевые слова наказы избирателей
a Ключевые слова прямая демократия
a Ключевые слова Россия
a Ключевые слова субъекты РФ
773 08 t Заглавие источника Журнал российского права
d Дата издания источника 2019
g Прочая информация № 10. - С. 42 - 53
w Контрольный № источника DU/627045172
901 t Тип документа b